Employee training and development / (Record no. 2064)

MARC details
000 -LEADER
fixed length control field 01031cam a22001694a 4500
020 ## - INTERNATIONAL STANDARD BOOK NUMBER
ISBN 007287550X (acidfree paper)
050 00 - CALL NUMBER
Classification number HF5549.5.T7
Item number N59 2005
100 1# - AUTHOR
Personal name Noe, Raymond A.
245 10 - TITLE
Title Employee training and development /
Statement of responsibility, etc Raymond A. Noe.
250 ## - EDITION
Edition statement 3rd ed.
260 ## - PUBLICATION INFORMATION
Place of publication Boston :
Name of publisher McGraw-Hill/Irwin,
Year of publication c2005.
300 ## - DESCRIPTION
Number of Pages xv, 463 p. :
Other physical details ill. (some col.) ;
Dimensions 23 cm.
500 ## - NOTES
General note INCUDES GLOSSARY AND INDEX
505 ## - FORMATTED CONTENTS NOTE
Table of Content Chapter 1 Introduction to Employee Training and DevelopmentChapter 2 Strategic TrainingChapter 3 Needs AssessmentChapter 4 Learning: Theories and Program DesignChapter 5 Transfer of TrainingChapter 6 Training EvaluationChapter 7 Traditional Training MethodsChapter 8 E-Learning and Use of Technology in TrainingChapter 9 Employee DevelopmentChapter 10 Special Issues in Training and Employee DevelopmentChapter 11 Careers and Career ManagementChapter 12 Special Challenges in Career ManagementChapter 13 The Future of Training and Development
650 #0 - SUBJECTS
Topical Term Employees
General subdivision Training of.
942 ## - ADDED ENTRY ELEMENTS (KOHA)
Koha item type Books
Holdings
Withdrawn status Lost status Collection code Home library Current library Shelving location Date acquired Full call number Accession Number Koha item type
    Reference Methodist University Library Main Methodist University Library Main General Stacks   HF5549.5.T7 N59 2005 28626 Books
    Reference Methodist University Library Main Methodist University Library Main General Stacks   HF5549.5.T7 N59 2005 12788 Books
Copyright © 2026  MUG Library